| 000 | 00561ntaaa2200181 4500 | ||
|---|---|---|---|
| 003 | 01 | ||
| 005 | 20251027202352.0 | ||
| 008 | 0714s1973 ag 01 | ||
| 040 |
_aAR-BaBN _bspa _cAR-BaBN _eaacr _dRIC |
||
| 082 | _a282 L32 | ||
| 100 |
_aLarrañaga, Victoriano _922399 |
||
| 245 |
_aObras completas de San Ignacio de Loyola / _cVictoriano Larrañaga |
||
| 260 |
_aMadrid : _bBiblioteca de Autores Cristianos, _cc1947 |
||
| 300 | _axi, 881 p. | ||
| 500 | _aAutobiografía-diario espiritual | ||
| 600 |
_aIgnacio _bde Loyola, Santo _d1491-1556 _97962 |
||
| 942 | _cBK | ||
| 999 |
_c18604 _d18604 |
||